• 首页
  • 本馆介绍
  • 公告通知
  • 最新文献
  • 馆藏检索
  • 电子资源
  • 读者导购
  • 参考咨询
  • 我的图书馆
  • 登录
  • 详细信息显示
  • 放入我的书架
  • 预约/预借图书
  • 作者相关作品
  • 分类相关作品
  • 丛书相关作品
  • 出版社相关作品

书目信息

  • 表格格式
  • 工作单格式
  • 卡片格式
题名:
人工土绿化栽培技术
    
 
作者: 郁明谏 著
分册:  
出版信息: 上海   上海科学技术文献出版社  1999
页数: 303页
开本: 19cm
丛书名: 全国“星火计划”丛书
单 册:
中图分类: S317
科图分类:
主题词: 无土栽培
电子资源:
ISBN: 7-5439-1336-4
000 00783nam 2200277 45
001 CAL 012001192390
005 20010427085231.3
010    @a7-5439-1336-4@dCNY20.00
099    @aCAL 012001192390
100    @a19990521d1999 em y0chiy0121 ea
101 0  @achi
102    @aCN@b310000
105    @ay z 000yy
200 1  @a人工土绿化栽培技术@Aren gong tu lv hua zai pei ji shu@f郁明谏等[著]@Fyu ming jian deng[zhu]
210    @a上海@c上海科学技术文献出版社@d1999
215    @a303页@d19cm
225 0  @a全国“星火计划”丛书
410  0 @12001 @a全国星火计划丛书
606 0  @a无土栽培
690    @aS317@v3
701  0 @a郁明谏@Ayu ming jian@4著
801  0 @aCN@bNLC@c19990603
905    @aBZT@dS317@e35
906    @dCNY20.00@n0@r1
920    @a242170@z1
998    @aCCAU
    
    人工土绿化栽培技术/郁明谏等[著].-上海:上海科学技术文献出版社,1999
    303页;19cm.-(全国“星火计划”丛书)
    
    
    ISBN 7-5439-1336-4:CNY20.00
    
●
相关链接 在五车中查询图书 在当当中查询图书 在豆瓣中查询图书


正题名:人工土绿化栽培技术     索取号:S317/35         预约/预借

序号 登录号 条形码 馆藏地/架位号 状态 备注
1 402146   210311063   中心书库中库/ 中库033架B面7列4层18/ [索取号:S317/35] 在馆    
2 402147   210311054   中心书库中库/ 中库033架B面7列4层19/ [索取号:S317/35] 在馆    
3 402148   210311045   中心书库中库/ 中库033架B面7列4层21/ [索取号:S317/35] 在馆    
4 402149   210311036   中心书库中库/ 中库033架B面7列4层25/ [索取号:S317/35] 在馆    
5 402150   210311027   中心书库中库/ 中库033架B面7列3层49/ [索取号:S317/35] 在馆    
6 402151   210311018   中心书库中库/ 中库033架B面7列4层23/ [索取号:S317/35] 在馆    
7 402152   210311009   中心书库中库/ 中库033架B面7列4层26/ [索取号:S317/35] 在馆    
8 402153   210310992   中心书库中库/ 中库033架B面7列4层24/ [索取号:S317/35] 在馆    
9 402154   210310983   中心书库中库/ 中库033架B面7列4层20/ [索取号:S317/35] 在馆    
10 402155   210310974   中心书库中库/ 中库033架B面7列4层22/ [索取号:S317/35] 在馆    
山东省滨州职业学院图书馆 欢迎您!
大连网信软件有限公司© 版权所有